[Event "Bundesliga 0405"]
[Site "Germany"]
[Date "2005.01.30"]
[Round "9.6"]
[White "Dinstuhl, Volkmar"]
[Black "Hansen, Curt"]
[Result "1-0"]
[WhiteElo "2420"]
[BlackElo "2633"]
[Annotator "Ribli,Z"]
[PlyCount "90"]
[EventDate "2004.11.12"]
[EventType "team-tourn"]
[EventRounds "15"]
[EventCountry "GER"]
[SourceTitle "CBM 106"]
[Source "ChessBase"]
[SourceDate "2005.06.06"]
[SourceVersion "1"]
[SourceVersionDate "2005.06.06"]
[SourceQuality "1"]
[WhiteTeam "Wattenscheid"]
[BlackTeam "Porz"]
[WhiteTeamCountry "GER"]
[BlackTeamCountry "GER"]

1. Nf3 c5 2. c4 Nf6 3. Nc3 e6 4. e4 Nc6 5. Be2 {Diese Variante ist in der
letzten Zeit sehr populär geworden. Die gleiche Stellung wird in der
Sizilianischen Verteidigung nach den Zügen 1.e4 c5 2. Nf3 e6 3.c4 Nc6 4.Nc3
Nf6 5.Be2 erreicht.} b6 {Aufgrund seines mehr als 200 Punkten besseren
ELO-Rating möchte Schwarz das Spiel kompliziert gestalten. Die übliche und zu
Vereinfachung führende Fortsetzung wäre 5...d5.} 6. d4 cxd4 7. Nxd4 Bb7 8. Nxc6
$5 {Die beste Fortsetzung für Weiß; ich spielte selbst diese Fortsetzung 
(erfolgreich) in meiner Partie gegen Ftacnik. Die Alternativen bieten Weiß
weniger Chancen eines Eröffnungsvorteils.} (8. O-O Qb8 9. Nc2) (8. Bf4 Nxd4 (
8... Bb4 9. Ndb5) 9. Qxd4 Bc5 10. Qd3) 8... dxc6 (8... Bxc6 9. e5 Ne4 10. Nxe4
Bxe4 11. O-O Qc7 (11... d6 $2 12. c5 $18) 12. Bf4 Be7 13. Qd2 a5 14. Rfd1 Qb7
15. Bf1 Rd8 16. Rac1 O-O 17. Bg5 f6 18. exf6 gxf6 19. Bh6 Rfe8 20. Qf4 $14 {
1-0 Ribli,Z-Ftacnik,L/Germany 2002/EXT 2003 (50) (49)}) 9. e5 $5 $146 {[%mdl 4]
Weiß folgt einfach dem Motiv, sich Raumvorteil zu verschaffen.} (9. Qxd8+ Rxd8
10. e5 Nd7 (10... Ng8 11. Bg5 Be7 12. h4 h6 13. Bd2 $1 $14) 11. Bf4 Nc5 12. Rd1
Rxd1+ 13. Kxd1 Be7 14. Kc2 Kd8 15. h4 $14 {1-0 Zvjaginsev,V-Ftacnik,L/
Jugoslavija 2001/ (41)}) 9... Qxd1+ (9... Nd7 10. f4 (10. Bf4 Qc7 11. Qd2 O-O-O
$132 (11... Nxe5 12. O-O-O f6 13. Bxe5 fxe5 14. Ne4 $44)) 10... Bb4 (10... Qh4+
11. g3 Qh3 12. Bg4 Qh6 13. Bf3 $14) 11. O-O Bxc3 12. bxc3 $14) 10. Kxd1 Nd7 11.
Bf4 f6 $6 {Schwarz kämpft gegen den e5-Bauern. Meiner Meinung nach wäre es
jedoch besser, die Diagonale des b7-Läufers zu öffnen.} (11... c5 $5) 12. exf6
Nxf6 (12... gxf6 13. Bh5+ Ke7 14. Kc2 $14) 13. Kc2 $14 {Weiß verfügt über eine
gesunde Bauernstruktur und Entwicklungsvorteil.} Bc5 (13... O-O-O 14. Rhe1 $14)
14. Bg3 (14. f3) 14... O-O-O 15. Bf3 {[%csl Rb7,Re6,Gf3,Gg3] Über die bessere
Bauernstruktur hinaus besitzt Weiß auch die aktivere Figurenstellung, während
dem Bb7 die Diagonale a8-h1 verschlossen ist.} Bd4 16. Rhe1 Rhe8 17. Ne4 {
Mit dem Textzug besetzt Weiß das Schlüsselfeld e4 und droht eventuell 18.Nd6+.}
(17. Re2 $6 g5 18. h3 h5 $132) 17... e5 (17... Nxe4 18. Bxe4 h6 19. Re2 $14)
18. Re2 $1 {Weiß spielt einfach und gut: er verdoppelt die Türme auf der
e-Linie.} Kc7 $6 {Schwarz bereitet das Läufermanöver Bc8-Bf5 vor, aber sein
König steht nicht sehr vorteilhaft auf der Diagonalen des weißen g3-Läufers.} (
18... c5 $142 $1) 19. Rae1 Bc8 {[%cal Gc8f5,Gf5c2] Endlich kann Schwarz die
Position seines Läufers verbessern.} (19... c5 20. Ng5 $16 {[%csl Re5][%cal
Gg3c7]}) 20. Nd2 $1 {[%csl Ge1,Ge2,Re5][%cal Rg3c7,Re1e8,Gd2b3,Gb3d4] Es
"hängt" der Pe5 und Weiß kann möglicherweise Nb3 spielen.} Bf5+ 21. Kc1 Bd3 (
21... Nd7 22. Nb3 Nc5 (22... Bd3 $4 23. Nxd4 $18) (22... c5 23. Nxd4 (23. Bd5
$16) 23... cxd4 24. Bxe5+ Nxe5 25. Rxe5 Rxe5 26. Rxe5 $16) 23. Nxc5 (23. Nxd4
$2 Nd3+ $19) 23... bxc5 24. Bxe5+ $16) 22. Bxe5+ Kc8 (22... Bxe5 23. Rxe5 Rxe5
24. Rxe5 $16) 23. Bxf6 (23. Bxd4 $2 Bxe2 24. Bxc6 (24. Bxf6 Bxf3 $17) 24... Re6
25. Bxf6 Rxf6 26. Rxe2 Rxc6 $15) 23... Rxe2 (23... Bxe2 $4 24. Bxd8 $18) 24.
Bxe2 Bxf6 25. Bxd3 Rxd3 26. Kc2 {[%mdl 4096] Nach der Vereinfachung des Spiels
hat Weiß einen Mehrbauern und gute Gewinnaussichten. Aber die technische
Verwertung des Vorteils ist nicht so leicht, da Schwarz nun über ein aktives
Figurenspiel verfügt.} Rd4 (26... Rd8) (26... Rd7) 27. Re4 Kd7 $6 {Die
schwarze Stellung ist schwer, aber nach dem Turmtausch kann Weiß seinen
Vorteil leicht verwerten.} (27... Rd8 $142) 28. b3 h5 29. f4 c5 30. Rxd4+ $1 {
Das Leichtfigurenendspiel ist leicht gewonnen für Weiß.} Bxd4 31. Kd3 Ke6 32.
Ke4 {[%csl Ge4] Der Ke4 steht ausgezeichnet, Schwarz kann hingegen nur
abwarten.} g6 33. Nf3 Bc3 34. h3 {[%cal Gg2g4] Mit diesem Zug entsteht für
Weiß ein Freibauer, der die Partie entscheidet.} Bf6 35. g4 hxg4 36. hxg4 Bc3
37. g5 $1 {[%cal Gf3h4,Gh4g6]} (37. f5+ gxf5+ 38. gxf5+ Kf6 39. Ng1 $18 {
[%csl Yd5][%cal Gg1e2,Ge2f4,Gf4d5]}) 37... Bb2 38. Nh4 Kf7 39. Kd5 Bc1 40. f5
$18 {Dieses Bauernopfer ist der einfachste Weg zum Sieg.} (40. Ng2 $18) 40...
gxf5 41. Nxf5 Bxg5 42. Nd6+ Ke7 43. Kc6 {[%csl Ra7,Rb6,Rc5,Gc6,Gd6]} Bd2 44.
Nc8+ Kd8 45. Nxa7 Ba5 (45... Ba5 46. Kb7 Kd7 47. Nc6 $18) 1-0

[Event "Groningen op"]
[Site "Groningen"]
[Date "1990.??.??"]
[Round "7"]
[White "Cifuentes Parada, Roberto"]
[Black "Kohlweyer, Bernd"]
[Result "1-0"]
[WhiteElo "2480"]
[BlackElo "2385"]
[Annotator "Ribli,Z"]
[PlyCount "130"]
[EventDate "1990.??.??"]
[EventType "swiss"]
[EventRounds "9"]
[EventCountry "NED"]
[SourceTitle "CBM 022"]
[Source "ChessBase"]
[SourceDate "1991.06.01"]
[SourceVersion "1"]
[SourceVersionDate "1991.06.01"]
[SourceQuality "1"]

1. c4 Nf6 2. Nc3 e6 3. e4 c5 4. Nf3 (4. e5 $1 {-> A 19}) 4... Nc6 5. Be2 d5 6.
exd5 exd5 7. d4 Bg4 (7... cxd4 8. Nxd4 Be7 9. Bf3 Nxd4 10. Qxd4 dxc4 11. Qxc4
O-O 12. O-O $14 {Morovic,F-Panno,O Santiago 1989 CBM/12}) 8. O-O Be7 9. dxc5
dxc4 10. Be3 Bxf3 11. Bxf3 O-O 12. Qa4 $1 $14 Qc8 13. Bxc6 Qxc6 14. Qxc4 b6 15.
b4 bxc5 16. bxc5 Rac8 17. Rac1 Rfe8 18. Nb5 Qa8 19. Rfd1 a6 20. Nd6 Bxd6 21.
Rxd6 Qb8 22. h3 a5 23. Rb6 Qe5 24. Bd4 Qf4 25. g3 Qf3 26. Bxf6 gxf6 27. Rb3 Qc6
28. Qb5 Re4 29. Qxc6 Rxc6 30. a3 Re5 31. Rb5 a4 32. Rc4 f5 33. Kg2 Kg7 34. Kf3
Rc7 35. Kf4 f6 36. Rxa4 Rexc5 37. Rxc5 Rxc5 38. Kf3 Rc3+ 39. Kg2 Kg6 40. Ra5
Rb3 41. h4 Rc3 42. a4 Ra3 43. Ra6 h6 44. Ra5 Rc3 45. Rb5 Rc4 46. a5 Ra4 47. Kf3
Ra3+ 48. Ke2 Ra2+ 49. Ke3 f4+ 50. Kxf4 Rxf2+ 51. Ke3 Ra2 52. h5+ Kf7 53. Ke4
Ke7 54. Kd5 Kd7 55. g4 Rd2+ 56. Ke4 Re2+ 57. Kf5 Rf2+ 58. Kg6 Rf4 59. a6 Rxg4+
60. Kxf6 Ra4 61. Rb6 Kc7 62. Re6 Kd7 63. Kf7 Ra1 64. Rxh6 Ra5 65. Kf8 Kd8 1-0

[Event "Belgrade Investbank"]
[Site "Belgrade"]
[Date "1995.??.??"]
[Round "2"]
[White "Gelfand, Boris"]
[Black "Kramnik, Vladimir"]
[Result "1/2-1/2"]
[WhiteElo "2685"]
[BlackElo "2730"]
[Annotator "Ribli,Z"]
[PlyCount "53"]
[EventDate "1995.11.??"]
[EventType "tourn"]
[EventRounds "11"]
[EventCountry "YUG"]
[EventCategory "17"]
[SourceTitle "CBM 051"]
[Source "ChessBase"]
[SourceDate "1996.04.01"]
[SourceVersion "1"]
[SourceVersionDate "1996.04.01"]
[SourceQuality "1"]

1. c4 c5 2. Nc3 Nc6 3. Nf3 Nf6 4. g3 d5 5. d4 {Bisher spielte Kramnik diese
Variante sehr erfolgreich, aber nur mit Weiss. Sicher hat der weltrangliste
Erster etwas in seiner Tasche.} cxd4 6. Nxd4 dxc4 7. Nxc6 Qxd1+ 8. Nxd1 bxc6 9.
Bg2 Nd5 10. Ne3 e6 11. Nxc4 Ba6 12. b3 Bb4+ 13. Bd2 Ke7 $5 $146 {[#] Diese
Neuerung erleichtert die schwarze Aufgabe.} (13... Bxc4 $6 14. bxc4 Bxd2+ 15.
Kxd2 Ne7 16. Rab1 O-O-O+ 17. Kc3 $14 {Greenfeld,A-Alterman,B/Haifa/1993/INF59
(65)/}) (13... Bxd2+ 14. Nxd2 Nb4 15. Be4 Ke7 16. a3 Nd5 17. Rc1 Rhc8 18. f4 c5
19. Kf2 Rab8 $10 {Gulko,B-Topalov,V/Novgorod/1995/CBM48/INF63,(39)/}) 14. Rc1
Rhc8 $1 {Der Nachziehende soll seine Tuerme auf c8 und auf b8 stellen.} 15.
Bxb4+ Nxb4 16. a3 Nd5 17. e4 Bxc4 $5 (17... Nb6 18. Na5 c5 19. f4 $14) 18. Rxc4
Nb6 19. Rc5 Nd7 20. Rc3 a5 $1 21. Kd2 Ra6 22. f4 f6 23. h4 (23. Bf1 $5) 23...
Rb8 24. Bf1 Rab6 25. Kc2 a4 26. b4 c5 $5 27. b5 {Ribli} (27. bxc5 Rb2+ 28. Kd3
R8b3 $44) 1/2-1/2

[Event "ESP-chT"]
[Site "Sanxenxo"]
[Date "2004.11.19"]
[Round "2"]
[White "Suba, Mihai"]
[Black "Moiseenko, Alexander"]
[Result "0-1"]
[WhiteElo "2516"]
[BlackElo "2653"]
[Annotator "Ribli,Z"]
[PlyCount "74"]
[EventDate "2004.11.18"]
[EventType "team"]
[EventRounds "9"]
[EventCountry "ESP"]
[SourceTitle "CBM 105"]
[Source "ChessBase"]
[SourceDate "2005.04.11"]
[SourceVersion "1"]
[SourceVersionDate "2005.04.11"]
[SourceQuality "1"]

1. c4 c5 2. Nf3 Nc6 3. Nc3 e5 4. e3 Nf6 (4... f5 $5) 5. d4 {Dieser direkte Zug
gefällt mir nicht - stattdessen könnte Weiß entweder mit 5.a3, oder mit 5.Be2
warten.} cxd4 6. exd4 e4 7. Ne5 (7. Nd2 Bb4 $13) (7. Ng5 Bb4 8. d5 Ne5 $13)
7... Bb4 8. Be2 Qa5 {Es gibt wenige therotische Beispielpartien zu dieser
Variante, aber Schwarz hat ein ausgezeichnetes Figurenspiel und gute
Entwicklung - er kann zufrieden sein mit dem Ergebnis der Eröffnung..} 9. Nxc6
dxc6 10. Qc2 {Statt dieser Fortsetzung erscheint mir die Alternative 10.Bd2
natürlicher.} (10. Bd2 O-O 11. O-O Rd8 (11... Re8 12. a3 Bxc3 13. Bxc3 Qg5 14.
Qc1 Qg6 15. Qf4 $146 h5 16. Rfe1 (16. d5 Bg4 $11) 16... Bg4 17. Bf1 (17. d5
$142 $11) 17... h4 $1 $15 {0-1 Marin,M-Movsesian,S/Neum 79/30 2000/[Marin,M] 
(33) [/\ Nh5]}) 12. a3 Bxc3 13. Bxc3 Qg5 14. Qc1 Qg6 15. Qe3 h5 16. Rad1 Bg4 {
1/2-1/2 Stocek,J-Movsesian,S/Plzen 2001/EXT 2002 (26)}) 10... O-O 11. h3 (11.
O-O Qf5 12. Be3 Bd6 13. Rfd1 Be6 14. h3 Rad8 15. Bf1 Qg6 16. Kh1 Bb8 17. Rd2
Rfe8 18. Be2 Bc8 19. Qd1 Qf5 20. g4 Qe6 {0-1 Zubov,O-Borovikov,V/Alushta 2001/
EXT 2003 (31)}) 11... Re8 $11 {Schwarz hat eine bequeme Stellung - sein e4P
bietet Raumvorteil am Königsflügel.} 12. a3 (12. Be3 $11) 12... Bd6 13. c5 $6 {
Weiß strebt zu scharfem Spiel, aber letztendlich ist das günstig für Schwarz.}
(13. Be3 $11) 13... Bb8 (13... Bc7 $4 14. b4 $18) 14. b4 Qd8 (14... Qc7 15. Be3
) 15. Be3 Be6 $15 16. g4 (16. Nxe4 Nd5 (16... Nxe4 17. Qxe4 Bc4 18. Qf3 Bxe2
19. Qxe2 Bf4 20. O-O Bxe3 21. fxe3 Qxd4 22. exd4 Rxe2 $11) 17. O-O Bf5 18. Bd3
Bxe4 19. Bxe4 Qc7 $17 {[%cal Rb8h2,Rh2g1]}) 16... Bc7 17. a4 (17. g5 Nd5 $17)
17... b6 {Schwarz möchte die weiße Bauernkette am Damenflügel sprengen.} (17...
Nd5 $5 18. Nxe4 (18. Nxd5 Bxd5 $17) 18... Nxb4 19. Qb1 Nd5 $17) 18. b5 bxc5 (
18... Nd5 $17) 19. dxc5 Be5 20. Rc1 (20. Rd1 Qc7 $15) 20... Nd5 $1 21. Nxe4 (
21. Nxd5 Bxd5 $17) 21... Nxe3 22. fxe3 Qh4+ 23. Kf1 Bd5 $17 {[%csl Gd5,Re4,Ge5,
Rf1,Gh4][%mdl 2048] Schwarz hat zwei starke Läufer im Zentrum, der e4N steht
sehr schlecht und der f1K ist ganz unsicher.} 24. Bf3 Bc7 25. Kg2 Qe7 $6 (25...
Bxe4 $1 26. Bxe4 Re6 $1 {[%cal Ra8e8,Re8e3,Ge6f6,Gf6f1]} (26... Qg3+ 27. Kf1
Re6 $17)) 26. Rhd1 $4 {[%mdl 8192] Mit diesem Zug lässt Weiß seinen
e4-Springer unverteidigt. Die einzige mögliche Gegenchance wäre 26.Nd6.} (26.
Nd6 $8 Bxf3+ 27. Kxf3 Qxe3+ (27... Bxd6 28. cxd6 Qxe3+ (28... Qxd6 $11) 29. Kg2
cxb5 30. axb5 Qg5 $15) 28. Kg2 Bxd6 29. cxd6 cxb5 30. axb5 Qg5 $15) 26... Bxe4
27. Qxe4 Qxe4 28. Bxe4 Rxe4 29. Rd7 Rc8 {Weiß hat Aktivität, Schwarz hingegen
großen Materialsvorteil.} 30. bxc6 Re6 31. Rf1 f6 32. Rfd1 Kf8 $1 {Schwarz
verhindert die weiße Turmverdoppelung auf der 7. Reihe.} (32... Rxc6 $2 33. Re7
{[%cal Rd1d7,Rd7h7]} Rxc5 (33... Rd8 $2 34. Rxc7 $16) 34. Rdd7 $11) (32... Rxe3
33. Rb1 Re6 34. Rb7 Rxc6 35. Rxa7 $19) 33. R1d4 Rxc6 $19 34. Re4 Rd8 35. Ree7
Rxd7 36. Rxd7 Rxc5 37. Kf3 Bb6 0-1

[Event "ESP-chT"]
[Site "Sanxenxo"]
[Date "2004.11.18"]
[Round "1"]
[White "Illescas Cordoba, Miguel"]
[Black "Krasenkow, Michal"]
[Result "0-1"]
[WhiteElo "2626"]
[BlackElo "2676"]
[Annotator "Ribli,Z"]
[PlyCount "70"]
[EventDate "2004.11.18"]
[EventType "team"]
[EventRounds "9"]
[EventCountry "ESP"]
[SourceTitle "CBM 105"]
[Source "ChessBase"]
[SourceDate "2005.04.11"]
[SourceVersion "1"]
[SourceVersionDate "2005.04.11"]
[SourceQuality "1"]

1. Nf3 Nf6 2. c4 c5 3. Nc3 d5 {Dieser direkte Zug ist nicht so populär, aber
gibt Schwarz gute Ausgleichschancen. Das ist besonders gut, wenn Schwarz diese
Variante in Abhängigkeit von der Grünfeld-Indischen Verteidigung spielt, weil
es viele Zugumstellungsmöglichkeiten gibt.} 4. cxd5 Nxd5 {Diese Fortsetzung
mit 5.d4 Nxc3 6.bxc3 g6 7.e4 führt zur Grünfeld-Indischen Verteidigung, oder
nach 5.e4 Nxc3 (5...Nb4 ist die andere mögliche Variante) 6.bxc3 (6.dxc3
bietet keinen Vorteil für Weiß) Bg7 7.d4 bekommen wir dieselbe Stellung.} 5. e3
Nxc3 (5... g6 $6 6. Qb3 $36) 6. bxc3 g6 7. Ba3 {Dieser Zug wird selten
gespielt - die prinzipielle Fortetzung wäre 7.d4.} Nd7 8. Qa4 {Weiß hat eine
schnelle Entwicklung, jetzt hängt der c5P, aber - meiner Meinung nach - bietet
dieses direkte Spiel Weiß keine Hoffnungen für einen Eröffnungsvorteil.} Qc7 9.
Be2 e5 $146 (9... Bg7 10. O-O O-O 11. d4 (11. Rab1 b6 12. Qh4 Bb7 13. c4 Rad8
14. Bb2 $6 (14. Rfd1) 14... Bxf3 $1 15. Bxf3 Bxb2 $2 (15... Ne5 $1 16. Bxe5
Bxe5 $11) 16. Rxb2 Ne5 17. Be2 Nd3 18. Rb3 Nb4 19. d4 $1 {1-0 Uhlmann,W-Garcia
Martinez,S/Madrid 16/75 1973/[Uhlmann,W] (23)}) 11... b6 (11... a6 $6 12. c4 e5
$1 13. Rad1 (13. d5 $2 e4 $1 $17) 13... exd4 14. exd4 b6 (14... b5 $2 15. cxb5
axb5 16. Qxa8 Bb7 17. Qa7 Ra8 18. Qxa8+ Bxa8 19. dxc5 $16) 15. d5 $14 {1-0
Keres,P-Fine,R/Moscow 1946/MCL/[ChessBase] (32)}) 12. Rad1 Bb7 13. c4 cxd4 14.
exd4 Nf6 15. Ne5 {1/2-1/2 Saidy,A-Lengyel,L/Los Angeles 1974/EXT 98 (15)}) 10.
h4 {Weiß möchte gegen den ungewöhnlichen schwarzen Aufbau sofort angreifen.
Natürlicher erscheint mir das Spiel mit 10.0-0 und 11.d4.} (10. O-O Bg7 (10...
Bd6) 11. d4 O-O) 10... Be7 $1 (10... Bg7 11. h5 $36) 11. h5 g5 $13 12. h6 (12.
Qe4 $13) 12... O-O 13. Bd3 {Die weiße positionelle Drohung ist jetzt 14.Bf5.} (
13. O-O-O Nb6 (13... f5 14. Rh5 $36) 14. Qe4 f6 $15) (13. Qc2 $5 $13) 13... f5
$8 {[%csl Ge5,Gf5,Gg5] Schwarz hat eine starke Bauernmasse am Königsflügel.} (
13... Nb6 $2 14. Qe4 f5 15. Qxe5 Bd6 16. Qg7+ Qxg7 17. hxg7 $16) 14. Rh5 Qd8
$15 {Alles ist verteidigt in der schwarzen Stellung und wenn Weiß nichts
konkretes findet, hat Schwarz besseres Spiel.} (14... g4 $2 15. Rxf5 $18) 15.
Qb3+ (15. Bc4+ Kh8 16. d3 a6 $36) 15... Kh8 16. c4 $2 {[%mdl 8192] Dieser
optimistische Zug verliert eigentlich die Partie - Weiß bekommt wirklich
einige taktische Drohungen, aber das ist wenig, Schwarz gewinnt Material.} (16.
Be2 e4 17. Ng1 Ne5 $17) (16. Bb5 $5 e4 17. Bxd7 exf3 18. Bxc8 fxg2 19. O-O-O
Rxc8 20. c4 $15) 16... e4 {[%cal Re4d3,Re4f3]} 17. Bb2+ Bf6 (17... Kg8 18. Qc3
Bf6 19. Rxg5+ Kh8 20. Qa3 (20. Qb3 Bxb2 21. Qxb2+ Qf6 {Mit Zugumstellung haben
wir die Partiefortsetzung.}) 20... exf3 (20... Bxb2 21. Qxb2+ Qf6) 21. Bxf5
fxg2) 18. Rxg5 Bxb2 19. Qxb2+ Qf6 {Schwarz vertidigt die Drohung auf der
langen schwarzen Diagonale und gewinnt eine Figur.} 20. Qxf6+ Rxf6 (20... Nxf6
21. Ne5 exd3 22. Rg7 Be6 23. Rxb7 $17) 21. O-O-O exf3 22. Bxf5 (22. gxf3 Ne5
$19) 22... fxg2 23. Rg1 Rxh6 24. R1xg2 Nf6 $19 {[%mdl 1024] Weiß hat nur einen
Bauern für die Figur, der schwarze Materialsvorteil muss sich früher oder
später zeigen.} 25. Bd3 b6 {Alles ist verteidigt in der schwarze Stellung.} 26.
Be4 Rb8 (26... Nxe4 $4 27. Rg8#) 27. Bd5 {Droht 28.Rg8+.} Bb7 28. Bxb7 Rxb7 29.
e4 (29. d3 $19) 29... Rg6 30. e5 (30. Rxg6 hxg6 31. Rxg6 Nxe4 $19) 30... Rxg5
31. Rxg5 Ne4 32. Rf5 h6 (32... Kg7 $19) 33. Rf4 Ng5 34. a4 Re7 35. Rh4 Kh7 0-1

[Event "Bundesliga 0405"]
[Site "Germany"]
[Date "2005.03.13"]
[Round "13.1"]
[White "Nisipeanu, Liviu Dieter"]
[Black "Nielsen, Peter Heine"]
[Result "0-1"]
[WhiteElo "2687"]
[BlackElo "2663"]
[Annotator "Ribli,Z"]
[PlyCount "78"]
[EventDate "2004.11.12"]
[EventType "team-tourn"]
[EventRounds "15"]
[EventCountry "GER"]
[SourceTitle "CBM 106"]
[Source "ChessBase"]
[SourceDate "2005.06.06"]
[SourceVersion "1"]
[SourceVersionDate "2005.06.06"]
[SourceQuality "1"]
[WhiteTeam "Kreuzberg"]
[BlackTeam "Wattenscheid"]
[WhiteTeamCountry "GER"]
[BlackTeamCountry "GER"]

1. c4 c5 2. Nf3 Nf6 3. Nc3 Nc6 4. e3 e5 5. b3 {Dieser Zug ist passiver als das
übliche 5.d4!?.} (5. d4 $5) 5... g6 (5... Be7 6. Bb2 d5 (6... O-O 7. Qb1 d6 8.
Be2 Re8 9. Ng5 h6 10. Nge4 Nxe4 11. Qxe4 Bf8 12. O-O Rb8 13. f4 {1-0 Bischoff,
K-Arkhipov,S/Munich 1993/TD (48)}) 7. cxd5 Nxd5 8. Bb5 f6 9. O-O Nxc3 10. Bxc3
O-O 11. Qc2 Qd6 12. Rfd1 Bg4 13. Qe4 Qd7 14. Rac1 Rfd8 15. d4 {1-0 Iljin,
A-Maletin,P/Essentuki RUS 2003/(30)}) 6. Be2 {Weiß entwickelt zuerst den
Königsläufer.} (6. Bb2 Bg7 7. Nd5 $6 (7. Be2 O-O 8. d3 d5 9. cxd5 Nxd5 10. Rc1
(10. Nxd5 Qxd5 11. O-O $13) 10... Be6 11. O-O (11. Nxd5 Qxd5 12. O-O Rfd8 $10)
11... b6 12. Qc2 (12. Nxd5 Bxd5 13. Nd2 $10) 12... Rc8 13. Qb1 (13. Nxd5 Bxd5
14. Rfd1 $10) 13... f5 14. Qa1 (14. Rfd1 $5) 14... Qe7 15. Nb1 Bf7 16. Nbd2
Rfe8 17. Rfe1 Rcd8 {0-1 Ibragimov,I-Tregubov,P/Elista 1994/CBM 44/[Ribli] (32)}
) 7... d6 8. Nxf6+ (8. Be2 Nxd5 9. cxd5 Ne7 10. e4 {Schwarz hat eine bequeme
Stellung.}) 8... Bxf6 9. d3 (9. d4 $2 exd4 10. exd4 O-O $17 {[%csl Rb2,Rd4,Re1]
[%cal Gf6b2,Gc8g4,Gg4d1,Gf8e8,Ge8e1]}) 9... O-O $11 10. Be2 Bg7 11. Qc2 (11. e4
f5 $15) 11... d5 (11... f5 $5) 12. cxd5 (12. O-O d4 $15) 12... Qxd5 13. O-O b6
14. a3 Bb7 $15 15. Bc3 Rac8 {[%cal Gc8c2] 0-1 Horvath,C-Almasi,Z/Lillafured
1999/CBM 70/[Ribli] (64)}) 6... Bg7 7. Ba3 $5 {Das ist die Pointe des weißen
Spiels: er verhindert d7-d5, da dann der Bauer auf c5 "hängt".} (7. Bb2) 7...
d6 (7... b6 8. d4 $14) 8. O-O O-O 9. d3 b6 10. Nd2 Be6 {Schwarz gestaltet das
Spiel kompliziert. 10...d5 bietet die gleichen Chancen.} (10... d5 11. cxd5 (
11. Bf3 Be6) 11... Nxd5 12. Nxd5 Qxd5 13. Bb2 $11 (13. Bf3 Qd7 14. b4 cxb4 15.
Bxb4 Rd8 $15)) 11. Nde4 Nxe4 12. dxe4 $11 {[%cal Gc3d5] Weiß hat zwar einen
Doppelbauern auf der e-Linie, aber er kontrolliert das Feld d5 und kann den
Bauern d6 angreifen. Andererseits sind in dieser geschlossenen Stellung bei
Schwarz keine Schwächen ersichtlich.} (12. Nxe4 $6 d5 $15) 12... Qd7 13. Bf3 a6
$1 {[%cal Gb6b5][%mdl 32] Mit der Idee b6-b5.} 14. Qe2 Qb7 15. Rfd1 Rfd8 16.
Rab1 Rab8 {[%cal Gb6b5]} 17. b4 {Weiß öffnet das Spiel, um seinem
schwarzfeldrigen Läufer mehr Geltung zu verschaffen.} (17. Nd5 b5 $11) 17... b5
$1 (17... cxb4 18. Bxb4 Nxb4 19. Rxb4 $14) 18. cxb5 (18. bxc5 Bxc4 $15 (18...
b4 $15)) 18... axb5 19. bxc5 b4 $15 20. Bxb4 (20. Nd5 dxc5 $15) 20... Nxb4 21.
a3 dxc5 22. Rxd8+ Rxd8 23. axb4 cxb4 {Vor drei Zügen stand der schwarze Bauer
noch auf d6!} 24. Nd5 b3 25. Qd1 Rb8 26. h3 b2 $17 {[%csl Gb2] Der schwarze
Freibauer ist sehr stark und fesselt die weißen Figuren.} 27. Qc2 h5 $1 {
[%cal Gh5h4] Schwarz verteidigt sich gegen 28.Bg4 und bereitet 28...h4 vor, um
am Königsflügel Raum zu gewinnen.} 28. g4 h4 29. Kg2 Kh7 30. Qd3 Qa7 31. Qc2
Qa2 {Nach diesem Zug ist es für Weiß nicht leicht nützliche Züge zu finden.}
32. Nc3 (32. Kg1 $2 Rc8 $1 33. Qxb2 Qxb2 34. Rxb2 Bxd5 35. exd5 e4 $17) (32. g5
$142 $1 Qb3 $17 (32... Qa5 33. Rxb2 Rxb2 34. Qxb2 Qd8 35. Nf6+ Bxf6 36. gxf6
Qxf6 $11)) 32... Qc4 33. Be2 Qc5 {[%cal Gc5c2] Droht 34...Rc8 mit sofortigem
Gewinn.} 34. Qd2 Qb4 35. Qd3 Qa5 (35... Rc8 $1 36. Nd1 (36. Nd5 Bxd5 37. exd5 (
37. Qxd5 Rc1 38. Qd3 Qe1 39. Bd1 f6 $22 $19) 37... e4 $19) 36... Bc4 37. Qc3
Qxc3 38. Nxc3 Bxe2 (38... Bd3 39. Bxd3 Rxc3 40. Be2 Rc2 $17) 39. Nxe2 Rc2 40.
Kf1 Bf8 $19) 36. Nd1 {Es scheint, dass Weiß den schwarzen Freibauern erobern
kann.} (36. Nd5) 36... Rd8 {[%csl Rd3]} 37. Qb5 (37. Qa6 Qxa6 38. Bxa6 Bf8 $19)
(37. Qc3 Qxc3 38. Nxc3 Rd2 39. Kf1 Bf8 $19) 37... Qxb5 38. Bxb5 Bb3 $1 $19 {
[%mdl 64]} 39. Nxb2 (39. Nc3 Rc8 40. Na4 Rc2 $1 41. Kf3 (41. Rxb2 Bxa4 $19) (
41. Nxb2 Ba2 $19) 41... Bf8 $19) 39... Rb8 $1 {[%csl Rb1,Rb2,Rb5][%cal Rb8b1]}
0-1